| 000 | 00654nam a2200229 a 4500 | ||
|---|---|---|---|
| 001 | 67185 | ||
| 003 | BD-RjUL | ||
| 005 | 20211209081626.0 | ||
| 008 | 170322s1985 bg ||||| |||| 00| 0 eng d | ||
| 020 | _c: TK.35.00 | ||
| 035 | _a(BD-RjUL)67316 | ||
| 040 |
_aBD-RjUL _beng _cBD-RjUL _dBD-RjUL |
||
| 041 | _aeng | ||
| 082 |
_223 _a891.443 _bSEL 1985 |
||
| 245 |
_aSelected Stories Shaukat Osman / _cIntroduction and Translation by Osman Jamal |
||
| 250 | _a1st ed. | ||
| 260 |
_aDhaka : _bBangla Academy, _c1985. |
||
| 300 |
_aiv, 86 p. ; _c24 cm. |
||
| 650 |
_aBengali Literature _vFiction _9199024 |
||
| 700 |
_aJamal, Osman _9199025 |
||
| 942 |
_2ddc _cBK |
||
| 999 |
_c67185 _d67185 |
||